书目信息 |
| 题名: |
齐达内传
|
|
| 作者: | 菲利普 著 ;袁俊生 译 | |
| 分册: | ||
| 出版信息: | 北京 中信出版社 2006.01 |
|
| 页数: | 222页 | |
| 开本: | 23cm | |
| 丛书名: | ||
| 单 册: | ||
| 中图分类: | K835.654.7 | |
| 科图分类: | ||
| 主题词: | 齐达内-生平事迹--Zu Qiu Yun Dong--运动员--生平事迹--法国--现代 | |
| 电子资源: | ||
| ISBN: | 7-5086-0472-5 | |
| 000 | 01051nam0 2200253 450 | |
| 001 | CAL 012006003046 | |
| 005 | 20061011102421.45 | |
| 010 | @a7-5086-0472-5@dCNY 29.80 | |
| 099 | @aCAL 012006003046 | |
| 100 | @a20050510d2006 ekmy0chiy0121 ea | |
| 101 | 1 | @achi@cfre |
| 102 | @aCN@b110000 | |
| 200 | 1 | @a齐达内传@AQi Da Nei Zhuan@d= Zidane@ele roi modeste@f(法) 让·菲利普著@g袁俊生译@zfre |
| 210 | @a北京@c中信出版社@d2006.01 | |
| 215 | @a222页@c图 (部分彩图)@d23cm | |
| 330 | @a本书介绍了球王齐达内的成长历程,讲述了他辉煌的运动生涯,以及他的家庭、婚姻等许多场外鲜为人知的故事,充分地展现了这位足坛巨星的风采。全书图文并茂,可读性强,是广大球迷和体育爱好者的理想读物。 | |
| 510 | 1 | @aZidane@ele roi modeste@zeng |
| 600 | 1 | @a齐达内@AQi Da Nei@g(Zidane, Zinedine),@f1972-@x生平事迹 |
| 606 | 0 | @a齐达内-生平事迹@AZu Qiu Yun Dong@x运动员@x生平事迹@y法国@z现代 |
| 690 | @aK835.654.7@v4 | |
| 701 | 1 | @a菲利普@AFei Li Pu@g(Philippe, Jean)@4著 |
| 702 | 0 | @a袁俊生@AYuan Jun Sheng@4译 |
| 801 | 0 | @aCN@c20061011 |
| 905 | @a10447@dK835.654.7@eR068 | |
| 齐达内传= Zidane:le roi modeste/(法) 让·菲利普著/袁俊生译.-北京:中信出版社,2006.01 |
| 222页:图 (部分彩图);23cm |
| ISBN 7-5086-0472-5:CNY 29.80 |
| 本书介绍了球王齐达内的成长历程,讲述了他辉煌的运动生涯,以及他的家庭、婚姻等许多场外鲜为人知的故事,充分地展现了这位足坛巨星的风采。全书图文并茂,可读性强,是广大球迷和体育爱好者的理想读物。 |
| ● |
| 相关链接 |
|
|
|
正题名:齐达内传
索取号:K835.654.7/R068
 
预约/预借
| 序号 | 登录号 | 条形码 | 馆藏地/架位号 | 状态 | 备注 |
| 1 | 609410 | 206094108 | 社科库309/309社科库 1排3列1层/ [索取号:K835.654.7/R068] | 在馆 | |
| 2 | 609411 | 206094117 | 社科库309/309社科库 1排3列1层/ [索取号:K835.654.7/R068] | 在馆 | |
| 3 | 609412 | 206094126 | 社科库309/309社科库 16排2列1层/ [索取号:K835.654.7/R068] | 在馆 |